| Tag |
First Indicator |
Second Indicator |
Subfields |
| LEADER |
00000cam a2200000 a 4500 |
| 001 |
in00000019864 |
| 005 |
20151007053739.0 |
| 008 |
871207s1988 maua 00110 eng |
| 010 |
|
|
|a 87036434
|
| 020 |
|
|
|a 0201169495 :
|c $32.95
|
| 035 |
|
|
|a (OCoLC)17328257
|
| 035 |
|
|
|9 AAB2694AM
|
| 040 |
|
|
|a DLC
|c DLC
|d TXA
|d UtOrBLW
|
| 049 |
|
|
|a TXAM
|c [A11109050]
|
| 050 |
0 |
0 |
|a QA76.9.D3
|b W58 1988
|
| 082 |
0 |
|
|a 005.75/65
|2 19
|
| 100 |
1 |
|
|a Wiorkowski, Gabrielle.
|
| 245 |
1 |
0 |
|a DB2 :
|b design & development guide /
|c Gabrielle Wiorkowski, David Kull.
|
| 264 |
|
1 |
|a Reading, Mass. :
|b Addison-Wesley,
|c [1988]
|
| 264 |
|
4 |
|c ©1988
|
| 300 |
|
|
|a xi, 322 pages :
|b illustrations ;
|c 25 cm.
|
| 336 |
|
|
|a text
|b txt
|2 rdacontent
|
| 337 |
|
|
|a unmediated
|b n
|2 rdamedia
|
| 338 |
|
|
|a volume
|b nc
|2 rdacarrier
|
| 500 |
|
|
|a Includes index.
|
| 650 |
|
0 |
|a Database management.
|
| 630 |
0 |
0 |
|a IBM Database 2.
|
| 700 |
1 |
|
|a Kull, David.
|
| 999 |
|
|
|a MARS
|
| 999 |
f |
f |
|s 3eb9a278-5fa9-3452-8a0c-d507c5b9502b
|i 217ef1f8-75cd-30af-9f64-dd89339d3f9f
|t 0
|
| 952 |
f |
f |
|p ric
|a Texas A&M University
|b Rellis Campus
|c Joint Library Facility
|d Remote Storage
|t 0
|e QA76.9.D3 W58 1988
|h Library of Congress classification
|i unmediated -- volume
|m A14811109050
|
| 998 |
f |
f |
|a QA76.9.D3 W58 1988
|t 0
|l Remote Storage
|